Kamandakiya nitisara or the elements on polity: in english (Record no. 214478)

MARC details
000 -LEADER
fixed length control field 00442nam a2200157Ia 4500
008 - FIXED-LENGTH DATA ELEMENTS--GENERAL INFORMATION
fixed length control field 230917s9999||||xx |||||||||||||| ||und||
040 ## - CATALOGING SOURCE
-- 37407
Original cataloging agency VIVEKANANDA LIBRARY
041 ## - Language
-- English
082 ## - DDC NUMBER
Classification number 954.01 D954K
100 ## - MAIN ENTRY--PERSONAL NAME
Personal name Dutt, Manmatha Nath, ed
245 #0 - TITLE STATEMENT
Title Kamandakiya nitisara or the elements on polity: in english
250 ## - EDITION STATEMENT
Edition statement 2nd ed.
260 ## - PUBLICATION, DISTRIBUTION, ETC. (IMPRINT)
Place of publication, distribution, etc Varansi
Name of publisher, distributor, etc Chowkhamaba Sanskrit Series Office
Date of publication, distribution, etc 1979
300 ## - PHYSICAL DESCRIPTION
Pages vi, 254 p.
942 ## - ADDED ENTRY ELEMENTS (KOHA)
Koha item type Books
Holdings
Withdrawn status Lost status Damaged status Not for loan Location (home branch) Sublocation or collection (holding branch) Date acquired Koha issues (times borrowed) Koha full call number Accession No. Koha date last seen Koha item type
        VIVEKANANDA LIBRARY VIVEKANANDA LIBRARY 29/08/2002   954.01 D954K 78217 17/09/2023 Books
© Designed and Maintained by Vivekananda Library, MDU Rohtak